Sports Quiz

Random Sports or NBA Quiz

Dirk Nowitzki: Top 41 scorers from 1998-2019 Quiz Stats

 Plays Quiz not verified by Sporcle

Score 0/42 Timer 08:00
7 Plays Today
Rank Player % Correct
3rdDirk Nowitzki*
100%
1stLeBron James
97.9%
2ndKobe Bryant
96.6%
9thKevin Durant
93%
8thDwyane Wade
91.9%
7thTim Duncan
90%
31stStephen Curry
89.4%
27thShaquille O'Neal
88.4%
4thPaul Pierce
87%
10thKevin Garnett
86.7%
19thRussell Westbrook
86.2%
20thJames Harden
85.3%
5thCarmelo Anthony
84.5%
11thRay Allen
83.4%
16thTony Parker
83.3%
6thVince Carter
83.1%
13thAllen Iverson
80.4%
28thChris Bosh
79.4%
26thChris Paul
78.8%
30thSteve Nash
77.9%
24thTracy McGrady
75.2%
Rank Player % Correct
12thPau Gasol
74.9%
23rdDwight Howard
71%
33rdAmar'e Stoudemire
64.9%
38thChauncey Billups
62.6%
14thJoe Johnson
58.6%
34thRichard Hamilton
52.7%
32ndAndre Miller
51.7%
21stLaMarcus Aldridge
48%
25thShawn Marion
47.4%
37thDeMar DeRozan
42.8%
18thJason Terry
42.7%
39thRichard Jefferson
38.9%
15thAntawn Jamison
37.7%
22ndZach Randolph
37.4%
17thJamal Crawford
33.7%
29thElton Brand
33.4%
40thMonta Ellis
31.8%
35thRashard Lewis
31%
42ndJason Richardson
25.4%
36thRudy Gay
22.8%
41stMike Bibby
22.8%

You're not logged in!

Compare scores with friends on all Sporcle quizzes.
OR
Log In

Show Comments

Extras

Top Quizzes Today


Score Distribution

Your Account Isn't Verified!

In order to create a playlist on Sporcle, you need to verify the email address you used during registration. Go to your Sporcle Settings to finish the process.

Report this User

Report this user for behavior that violates our Community Guidelines.

Details: